000 00802nam a22002177a 4500
999 _c14907
_d14907
003 AR-CdUCM
008 190425b ||||| |||| 00| 0 spa d
020 _a978-607-618-529-2
040 _aMUNICIPALIDAD PROVINCIAL DEL CUSCO
_cBIBLIOTECA MUNICIPAL DEL CUSCO
082 _aPI / 808.06 /
_bD82
110 _aDisney
_933330
245 _aDisney junior :
_bcolección de cuentos /
260 _aMéxico :
_bSilver Dolphin,
_c2016.
300 _a304 páginas ;
_bIlustraciones,
_c24 cm.
505 _aContenido: Princesita Sofía -- Jake y los piratas del país del nunca jamás -- La casa de mickey mouse -- La doctora juguetes...
650 _aCuentos dsney
_933875
650 _aClasicos de disney
_933876
650 _aLiteratura infantil
_9588
942 _2ddc
_cLIBROS
945 _adavv
_d25/04/2019